书目信息 |
| 题名: |
线性系统理论
|
|
| 作者: | 郑大钟 编 | |
| 分册: | ||
| 出版信息: | 北京 清华大学出版社 2002.10 |
|
| 页数: | 20, 714页 | |
| 开本: | 25cm | |
| 丛书名: | ||
| 单 册: | ||
| 中图分类: | O231.1 | |
| 科图分类: | ||
| 主题词: | 线性系统理论--xian xing xi tong li lun--高等学校--教材 , 线性系统理论--xian xing xi tong li lun | |
| 电子资源: | ||
| ISBN: | 978-7-302-05501-3 | |
| 000 | 01129nam0 2200289 450 | |
| 001 | 0106081731 | |
| 005 | 20201109081449.82 | |
| 010 | @a978-7-302-05501-3@dCNY89.00 | |
| 100 | @a20021216e20192002em y0chiy0110 ea | |
| 101 | 0 | @achi@aeng |
| 102 | @aCN@b110000 | |
| 105 | @ay z 000yy | |
| 106 | @ar | |
| 200 | 1 | @a线性系统理论@Axian xing xi tong li lun@f郑大钟编 |
| 205 | @a2版 | |
| 210 | @a北京@c清华大学出版社@d2002.10@h2019.10 | |
| 215 | @a20, 714页@d25cm | |
| 300 | @a新编《信息、控制与系统》系列教材研究生教学用书 | |
| 314 | @a郑大钟,浙江绍兴人,现为清华大学自动化系教授、博士生导师,参编有《控制与决策》、《信息与控制》等。 | |
| 330 | @a线性系统理论是系统与控制学科领域的一门最为基础的课程,本书按照课程的定位和少而精的原则、以线性系统为基本研究对象,对线性系统的时间域理论和复频率理论作了系统而全面的论述。 | |
| 510 | 1 | @aLinear System Theory@zeng |
| 606 | 0 | @a线性系统理论@Axian xing xi tong li lun@x高等学校@j教材 |
| 606 | 0 | @a线性系统理论@Axian xing xi tong li lun |
| 690 | @aO231.1@v5 | |
| 701 | 0 | @a郑大钟@Azheng da zhong@4编 |
| 801 | 0 | @aCN@bBJSZM@c20201106 |
| 905 | @b1190124-7@dO231.1@e72=2@f4 | |
| 线性系统理论/郑大钟编.-2版.-北京:清华大学出版社,2002.10(2019.10) |
| 20, 714页;25cm |
| 新编《信息、控制与系统》系列教材研究生教学用书 |
| ISBN 978-7-302-05501-3:CNY89.00 |
| 线性系统理论是系统与控制学科领域的一门最为基础的课程,本书按照课程的定位和少而精的原则、以线性系统为基本研究对象,对线性系统的时间域理论和复频率理论作了系统而全面的论述。 |
| ● |
| 相关链接 |
|
|
|
|
正题名:线性系统理论
索取号:O231.1/72=2
 
预约/预借
| 序号 | 登录号 | 条形码 | 馆藏地/架位号 | 状态 | 备注 |
| 1 | 1190124 | 211901245 | 第二样本阅览室/ [索取号:O231.1/72=2] | 在馆 | |
| 2 | 1190125 | 211901254 | 第三借阅区/ [索取号:O231.1/72=2] | 在馆 | |
| 3 | 1190126 | 211901263 | 第三借阅区/ [索取号:O231.1/72=2] | 在馆 | |
| 4 | 1190127 | 211901272 | 第三借阅区/ [索取号:O231.1/72=2] | 在馆 |